Загрузка...

Petri net algebra

Библиографические подробности
Главный автор: Best, Eike, et al
Формат: Printed Book
Опубликовано: Springer-Verlag, Berlin 2001
Предметы:
LEADER 00472nam a2200169 4500
082 |a 511.3 BES-P 
100 |a Best, Eike, et al. 
245 |a Petri net algebra  |c Eike Best et al. 
250
260 |a Springer-Verlag, Berlin  |c 2001 
300
490
650 |a Mathematical logic-- Mathematics 
700
942 |c BK 
999 |c 203676  |d 203676 
952 |0 0  |1 0  |4 0  |6 511_300000000000000_BESP  |7 0  |9 217025  |a MAT  |b MAT  |l 0  |o 511.3 BES-P  |p MAT5034  |r 2019-11-01  |w 2019-11-01  |y BK